00722nam a2200241 a 450000100060000000300090000600800410001502000150005604000280007108200150009910000230011424500820013726000310021930000110025049000340026159000470029565000340034265000210037665000260039765000280042394200120045199900170046318931CO-ViMGA141112s2004 ck r 000 u spa d a8449307953 aCO-ViMGAbspacCO-ViMGA04a177.3 E4511 aEkman, Paul92703810aPor que mienten los niños : bcomo los padres pueden fomentar la sinceridad aBarcelona : bPaidos; 1999 a247 p. aGuía para padres paidos; 44 aForma de adquisición : Premio Mincultura14aeducación DE NIÑOS91291514aMITOMANIA92703914aPADRES E HIJOS92704014aVERDAD Y MENTIRA927041 2ddccBK c28124d28124